Contagion Effect among Institutions and Sovereign Credit Default Swap of Pakistan State Dependent Sensitivity Analysis Value at risk Approach (SDR VaR) (Record no. 527850)
[ view plain ]
| 000 -LEADER | |
|---|---|
| fixed length control field | 00567nam a22001577a 4500 |
| 020 ## - INTERNATIONAL STANDARD BOOK NUMBER | |
| Qualifying information | Hard Cover. |
| 082 ## - DEWEY DECIMAL CLASSIFICATION NUMBER | |
| Classification number | 658.15 |
| 100 ## - MAIN ENTRY--PERSONAL NAME | |
| Personal name | Bashir, Benish |
| 245 ## - TITLE STATEMENT | |
| Title | Contagion Effect among Institutions and Sovereign Credit Default Swap of Pakistan State Dependent Sensitivity Analysis Value at risk Approach (SDR VaR) |
| Statement of responsibility, etc. | Beenish Bashir. |
| 260 ## - PUBLICATION, DISTRIBUTION, ETC. | |
| Place of publication, distribution, etc. | Islamabad: |
| Name of publisher, distributor, etc. | NBS - NUST, |
| 300 ## - PHYSICAL DESCRIPTION | |
| Extent | iii, 35 p. : |
| Dimensions | 30cm. |
| 650 ## - SUBJECT ADDED ENTRY--TOPICAL TERM | |
| Topical term or geographic name entry element | M. Phil. Thesis |
| 700 ## - ADDED ENTRY--PERSONAL NAME | |
| Personal name | Dr. Salim Batla. |
| 942 ## - ADDED ENTRY ELEMENTS (KOHA) | |
| Source of classification or shelving scheme | |
| Koha item type | Thesis |
| 650 ## - SUBJECT ADDED ENTRY--TOPICAL TERM | |
| -- | 19286 |
| 700 ## - ADDED ENTRY--PERSONAL NAME | |
| -- | 17547 |
| Withdrawn status | Lost status | Source of classification or shelving scheme | Damaged status | Not for loan | Permanent Location | Current Location | Shelving location | Date acquired | Full call number | Barcode | Date last seen | Price effective from | Non-public note | Koha item type |
|---|---|---|---|---|---|---|---|---|---|---|---|---|---|---|
| Central Library (CL) | Central Library (CL) | Thesis | 08/19/2019 | 658.15 | CL-T-2960 | 08/19/2019 | 08/19/2019 | Minute Sheet No. 0929/02/CL/Survey/5 dated 23rd April 2024 E-MIN ID 114741 | Thesis | |||||
| Central Library (CL) | Central Library (CL) | Thesis | 10/23/2019 | 658.15 | CL-T-3826 | 10/23/2019 | 10/23/2019 | Minute Sheet No. 0929/02/CL/Survey/5 dated 23rd April 2024 E-MIN ID 114741 | Thesis | |||||
| Central Library (CL) | Central Library (CL) | Thesis | 10/24/2019 | 658.15 | CL-T-3846 | 10/24/2019 | 10/24/2019 | Minute Sheet No. 0929/02/CL/Survey/5 dated 23rd April 2024 E-MIN ID 114741 | Thesis | |||||
| Central Library (CL) | Central Library (CL) | Thesis | 10/24/2019 | 658.15 | CL-T-3847 | 10/24/2019 | 10/24/2019 | Minute Sheet No. 0929/02/CL/Survey/5 dated 23rd April 2024 E-MIN ID 114741 | Thesis |
